Histoire du droit des gens et des relations internationales. (Record no. 157262)

MARC details
000 -LEADER
campo de control de longitud fija 00833nam a22002055i 4500
001 - NÚMERO DE CONTROL
campo de control 157262
003 - IDENTIFICADOR DE NÚMERO DE CONTROL
campo de control ES-MaACL
005 - FECHA Y HORA DE LA ÚLTIMA TRANSACCIÓN
campo de control 20250809063526.0
008 - DATOS DE LONGITUD FIJA--INFORMACIÓN GENERAL
campo de control de longitud fija 950206s1869 fr |||| | fre d
040 ## - FUENTE DE CATALOGACIÓN
Centro catalogador/agencia de origen CLM
100 1# - ENTRADA PRINCIPAL--NOMBRE DE PERSONA
Nombre de persona Laurent, François,
Fechas asociadas al nombre 1810-1887
9 (RLIN) 128741
245 10 - MENCIÓN DEL TÍTULO
Título Histoire du droit des gens et des relations internationales.
Número de parte o sección de la obra XV,
Nombre de parte o sección de la obra Etudes sur l'histoire de l'humanité : L'empire /
Mención de responsabilidad, etc. par F. Laurent.
260 ## - PUBLICACIÓN, DISTRIBUCIÓN, ETC.
Lugar de publicación, distribución, etc. Paris :
Nombre del editor, distribuidor, etc. Librairie Internationale... :
-- A. Lacroix, Verboeckhoven et Cie. éditeurs...,
Fecha de publicación, distribución, etc. 1869 (
Lugar de fabricación/manufactura Bruxelles :
Fabricante Typ. de A. Lacroix Verboeckhoven et Cie...)
300 ## - DESCRIPCIÓN FÍSICA
Extensión 609 p. ;
Dimensiones 21 cm.
650 04 - PUNTO DE ACCESO ADICIONAL DE MATERIA--TÉRMINO DE MATERIA
Término de materia o nombre geográfico como elemento de entrada Derecho internacional-
Subdivisión general Historia.
9 (RLIN) 11719
650 #4 - PUNTO DE ACCESO ADICIONAL DE MATERIA--TÉRMINO DE MATERIA
Término de materia o nombre geográfico como elemento de entrada
9 (RLIN) 241188
852 ## - LOCALIZACIÓN
Ubicación ES-MaACL
Número de control de estantería D-4580
Nota libre -- Enc. hol.
852 ## - LOCALIZACIÓN
Ubicación ES-MaACL
Número de control de estantería D-2825
Nota libre -- Enc. hol.
Holdings
Estatus retirado Estado de pérdida Estado de daño No para préstamo Colección Biblioteca de origen Biblioteca actual Ubicación en estantería Fecha de adquisición Fuente de adquisición Total de préstamos Signatura topográfica completa Código de barras Visto por última vez Precio de reemplazo Tipo de ítem Koha
        Libros del s. XIX Biblioteca del Ateneo de Madrid Biblioteca del Ateneo de Madrid Sala Valle Inclán 17/01/2008     D-2825 901164565 23/02/2023 23/02/2023 Libro impreso antiguo
        Libros del s. XIX Biblioteca del Ateneo de Madrid Biblioteca del Ateneo de Madrid Sala Valle Inclán 17/01/2008     D-4580 901164564 23/02/2023 23/02/2023 Libro impreso antiguo